000
00208 a2200097 4500
001
22597
100
_a
Wellman, W R
245
_a
Elementary Electricity
260
_a
_b
Nostrand
_c
1959
090
_c
15254
_d
15254
942
_a
NUST-CAE
_c
M
_c
5841
999
_c
257670
_d
257670